1876 1839 1635 1304 1834 1410 1508 1182 1188 1825 1979 1435 1728 1659 1663 1985 1908 1468 1859 1688 1631 1688 1509 1284 1919 1829 1681 1055 1222 1314 1782 1423 1120 1231 1664 1671 1015 1434 1229 1222 1828 1043 1315 1918 1814 1423 1529 1285 1737 1629 1434 1695 1659 1975 1849 1034 1248 1184 1177 1100 1333 1588 1368 1512 1388 1506 1441 1271 1330 1988 1442 1855 1100 1252 1141 1270 1876 1336 1731 1349 1990 1941 1055 1530 1457 1565 1539 1588 1459 1919 1193 1074 1046 1313 1258 1895 1517 1678 1046 BCNSPRNW ULIB Ver.6.0+V

เปลี่ยนเป็นภาษาไทย

Change to English
 แสดงรายละเอียดบรรณานุกรม
  กลับหน้าหลัก

Brief Record : Get Marc (ISO 2709) : E-mail record : QR code < ปิดหน้าต่าง
LEADER : 00000nam 2200000uu 4500
001    13399112257
003     ULIB
008    110802s2554||||th 000 0 tha d
020    9786167386349
024    9786167386349
090    นว.^bก831ห
100 0  9law9, อุมารินทร์, บุรามฉัตร, พรรษ, Wanchaya และมิลัน
245 00 หวานนักรักนี้ = Sweetest Love/^c9law9, อุมารินทร์, บุรามฉัตร, พรรษ, Wanchaya และมิลัน
260    นนทบุรี:^bบีไมน์, ^c2554.
300    365 หน้า
945    ^p235^l0^i18473
995    เกษร
999 ^a ใช้งานได้ทุกระบบ
รายการนี้ยังไม่มีแท็ก
คุณยังไม่ได้ล็อกอิน คุณสามารถมีกิจกรรมร่วมกับเว็บไซต์ได้ แต่ต้องล็อกอินก่อน ::
  ล็อกอิน

รายการสื่อสารสนเทศ

ลำดับที่ ประเภท เลขเรียก/บาร์โค้ด สถานที่ สถานะ
1. นวนิยาย
นวนิยาย
นว. ก831ห  
  Barcode: 18473
ห้องสมุดวิทยาเขตสวรรค์ประชารักษ์
►นวนิยาย
บนชั้น
  ขอยืม

BibComment


ยังไม่เคยถูกคอมเมนท์

คอมเมนท์ทรัพยากรรายการนี้
  คอมเมนท์: หวานนักรักนี้ Sw..


 Copyright 2026. Bcnsprnw @Library